| 000 | 00640nam a22002057a 4500 | ||
|---|---|---|---|
| 999 |
_c3810 _d3810 |
||
| 003 | AR-CdUCM | ||
| 008 | 190307b ||||| |||| 00| 0 spa d | ||
| 040 |
_aMUNICIPALIDAD PROVINCIAL DEL CUSCO _cBIBLIOTECA MUNICIPAL DEL CUSCO |
||
| 082 |
_21ra. ed. _a869.1 / _bT76 |
||
| 100 |
_aToscano, Salvador _912281 |
||
| 245 | _aCuauhtémoc / | ||
| 260 |
_aMéxico : _bFondo de Cultura Económia , _c1953. |
||
| 300 |
_a254 páginas ; _c21 cm. |
||
| 440 |
_aLecturas Méxicanas _n20 _912282 |
||
| 650 |
_aLiteratura Méxicana _99769 |
||
| 650 |
_aLiteratura Centroamericana _99614 |
||
| 650 |
_aLiteratura _983 |
||
| 942 |
_2ddc _cLIBROS |
||
| 945 | _artm | ||